000 01624cam a2200397 4500
001
008 000000n2003 000 0 eng u
020 _a1904388132
035 _a(Sirsi) u123171
041 _aeng
050 _a029.7
_c18
100 _aCherry, Stephen
245 _aIT and the chartered surveyor
_ba CPD study pack
250 _a2nd ed.
260 _aOxford
_bCollege of Estate Management
_c2003
300 _a26p.
_c30cm. + 1 audio cassette (ca. 60 min.)
350 _a41.71
490 _aCollege of Estate Management CPD Study Pack
520 _aSecond edition of this CPD study pack aims to increase awareness of IT and bring property professionals up to speed with key developments. Briefly outlines the IT infrastructure, the National Land Information Service (NLIS), the office of the future, future office buildings, advanced IT services, and Voice over Internet working Protocols (VoIP). Bibliography.
520 _aIncludes the Owlion Audio Presentation "IT for chartered surveyors" which is available to borrow separately (J102901).
520 _aSuperseded by third edition (ISBN 1904388523).
650 _aINTERNET
650 _aPROPERTY INDUSTRY
650 _aWIRELESS TECHNOLOGY
650 _aOFFICE BUILDINGS
650 _aE-MAIL
650 _aINTRANET
650 _aTELECOMMUNICATIONS NETWORKS
650 _aNATIONAL LAND INFORMATION SERVICE
650 _aCOMMUNICATIONS
650 _aWORKSTYLES
690 _aMANAGEMENT-BUSINESS MANAGEMENT-INFORMATION MANAGEMENT
700 _aWebber, Chris
710 _aCollege of Estate Management
_9400
942 _n0
999 _c103006
_d103006